000 00219nam a22000857a 4500
999 _c23669
_d23669
003 NUST
005 20171208162214.0
008 131230b xxu||||| |||| 00| 0 eng d
020 _cAvailable
_a978189085168
040 _aDLC
_bDLC
_cRCMS
082 _a823.8 ROB
100 _aShawn Robby Carpenter
_97103
245 _aForce On Force
_cShawn
_bModern Wargaming Rules
260 _aUSA
_bOspay
_cc,2011.
300 _a224,p:
_bill:
_c22,cm.
538 _iNew Arrivals Shelf #1 Row # 2
600 _xWargaming Rules
_97104
856 _3Table of contents only
_uhttp://www.loc.gov/catdir/toc/ecip0716/2007017469.html
942 _2ddc
_cBK